[Event "EICC 2019"]
[Site "Skopia"]
[Date "2019.03.29"]
[Round "11.40"]
[White "Van Foreest, Lucas"]
[Black "Svane, Rasmus"]
[Result "1/2-1/2"]
[WhiteElo "2515"]
[BlackElo "2610"]
[Annotator "TA"]
[PlyCount "130"]
[EventDate "2019.03.18"]
[EventType "swiss"]
[EventCountry "MKD"]
[SourceTitle "playchess.com"]
[Source "ChessBase"]
[SourceQuality "1"]

{[%evp 15,130,-6,0,-14,27,24,18,20,29,34,34,19,25,24,42,0,35,16,22,25,6,0,1,0,0,-6,20,23,24,14,13,16,2,-4,0,0,25,-25,-22,-25,0,0,0,0,37,10,20,11,40,39,93,95,77,20,26,-7,-5,-12,-6,-12,0,0,0,0,13,0,0,0,0,0,-2,-57,-9,-32,0,0,0,-8,0,0,0,0,0,0,0,0,0,0,0,0,0,0,0,0,0,0,0,-147,-112,-120,-23,-82,-87,-66,-54,-43,0,0,0,-29979,0,0,0,-29978,0,0,0]} 1. e4 e5 2. Nf3 Nc6 3. Bc4 Bc5 4. d3 Nf6 5. Bg5 h6 6. Bh4 Be7 {C50: Hungarian Defence and Giuoco Pianissimo} 7. Bg3 d6 8. c3 O-O {LiveBook: 7 Games} 9. O-O g6 $146 ({Predecessor:} 9... Na5 10. Bb5 a6 11. Ba4 Nh5 12. d4 Nxg3 13. hxg3 Bf6 14. Qd3 b5 15. Bc2 {0-1 (60) Sipila,V (2417)-Hammer,J (2628) Sastamala 2016}) 10. h3 Nh5 11. Bh2 Bg5 12. d4 {[%cal Rd4e5]} Bf4 13. Na3 Bxh2+ 14. Kxh2 Qf6 15. g3 Re8 16. d5 Nb8 {[%cal Bc6b8,Bb8a6,Ba6c7,Bc7e6][%mdl 32]} 17. Be2 Qe7 18. b4 Nf6 19. Qd3 c6 20. c4 Na6 21. Nc2 Bd7 22. dxc6 Bxc6 23. Nd2 Nc7 24. Rac1 Ne6 25. Bf3 a5 26. a3 (26. b5 $5 {[%cal Rb5c6]}) 26... axb4 27. axb4 Ba4 28. Ne3 Bc6 29. Bg2 Ra2 30. Nb1 Rea8 31. Nc3 R2a3 32. Nc2 R3a7 ({Better is} 32... Rb3 $14) 33. Rfd1 $16 Ne8 34. h4 ({White should play} 34. b5 $16) 34... Ba4 $11 35. Nb5 Bxb5 36. cxb5 Ra2 37. Bh3 Qf6 38. Rd2 Kg7 39. Kg2 Rb2 40. Bxe6 Qxe6 41. Ne3 Rxb4 42. Nd5 Rd4 43. Qe2 (43. Qe3 $11) 43... Rxd2 (43... Rc8 $5 {[%cal Rc8c1]} 44. Rdc2 Rxc2 45. Rxc2 Nf6 46. Nxf6 Qxf6 $11) 44. Qxd2 Rc8 45. b6 Qd7 46. Ra1 Rc4 47. Qd3 Rd4 48. Qc2 {Threatening Ra8.} Qg4 49. f3 Qd7 50. g4 Nf6 51. Nxf6 Kxf6 {[%mdl 4096] Endgame KQR-KQR} 52. Qc1 d5 {[%cal Bd6d5,Bd5e4,Be4f3,Bf3f2][%mdl 32]} 53. Qxh6 dxe4 54. Qh8+ $1 Ke6 {Threatens to win with ...exf3+.} 55. Ra8 {aiming for Re8+.} exf3+ 56. Kg3 {[#]} (56. Kf2 $1 $11 Rd2+ 57. Kg3) 56... f2 $1 $17 {( -> ...Rxg4+!)} 57. Re8+ Kd6 (57... Kd5 $17 58. Rd8 {[#]} Ke4 $1 {[%mdl 512]} 59. Rxd7 f1=Q 60. Rxd4+ Kxd4 61. Qd8+ Ke3) 58. Qf6+ (58. Qf8+ $1 $11 {remains equal.} Kd5 59. Rd8) 58... Kc5 59. Rxe5+ Kb4 60. Kxf2 Rd2+ (60... Qxg4 $5 {[%cal Rd4d2]} 61. Qe7+ Ka4 62. Qe8+ Ka3 63. Qe7+ Kb3 64. Qxf7+ Kc3 65. Re3+ Kb4 66. Qe7+ Kc4 67. Qe6+ Qxe6 68. Rxe6 Kd5 $11) 61. Kg3 $1 Rd3+ 62. Kh2 $2 {[%mdl 8192]} (62. Kf4 $11) 62... Rd2+ 63. Kg3 Rd3+ 64. Kh2 Rd2+ $2 (64... Qxg4 {mates} 65. Qe7+ Kb3 66. Qxf7+ Kc3 67. Rc5+ Kb4 68. Rc4+ Qxc4 69. Qe7+ Ka4 70. Qe1 Qf4+ 71. Kg2 Qg4+ 72. Kf1 Rf3+ 73. Qf2 Qg3 74. Qxf3 Qxf3+ 75. Kg1 Qe2 76. Kh1 Qf2 77. h5 g5 78. h6 g4 79. h7 g3 80. h8=Q Qf1#) 65. Kg3 $11 Rd3+ {Accuracy: White = 61%, Black = 40%.} 1/2-1/2

[Event "EICC 2019"]
[Site "Skopia"]
[Date "2019.03.29"]
[Round "11.41"]
[White "Blagojevic, Dragisa"]
[Black "Gordievsky, Dmitry"]
[Result "1/2-1/2"]
[WhiteElo "2498"]
[BlackElo "2603"]
[Annotator "TA"]
[PlyCount "115"]
[EventDate "2019.03.18"]
[EventType "swiss"]
[EventCountry "MKD"]
[SourceTitle "playchess.com"]
[Source "ChessBase"]
[SourceQuality "1"]

{[%evp 15,115,23,25,18,13,10,13,5,5,10,16,16,11,9,13,8,0,0,1,9,2,16,22,20,22,9,7,12,14,14,14,0,0,0,0,12,0,13,10,0,20,0,0,0,0,0,0,0,0,0,0,0,0,0,0,-8,-8,-8,-8,-12,-12,-13,-13,-42,-33,-35,-8,-8,-8,-9,-8,-8,-8,-8,-8,-8,-8,-8,-8,-8,-8,-42,-42,-42,-42,-42,-34,-42,-24,-31,-8,-24,-24,-24,-24,-24,-24,-24,-24,-24,-24,-24]} 1. d4 Nf6 2. c4 g6 3. Nf3 Bg7 4. g3 d5 5. cxd5 Nxd5 6. Bg2 Nb6 7. Nc3 Nc6 8. e3 e5 9. d5 {D71: Fianchetto Grünfeld: 3 g3 d5 sidelines and 5 cxd5 (without Nf3)} Ne7 {[%cal Re7d5]} 10. e4 c6 {[%cal Rc6d5]} (10... Bg4 11. h3 Bxf3 12. Qxf3 O-O 13. O-O c6 14. Rd1 cxd5 {½-½ (14) Laznicka,V (2672)-Li,C (2722) Chartres 2017}) 11. a4 {[%cal Ba2a4,Ba4a5][%mdl 32] The position is equal.} Bg4 {[%cal Rc6d5]} 12. a5 Nbc8 13. O-O cxd5 14. exd5 O-O 15. Qa4 Bxf3 16. Bxf3 Nd6 $146 ({Predecessor:} 16... Nf5) 17. Ne4 Nef5 18. Bg5 f6 19. Nxd6 Nxd6 20. Be3 f5 21. Qb4 Rf7 22. Rac1 e4 23. Be2 Be5 24. f4 exf3 25. Bxf3 Qf6 26. Rc2 a6 27. Bb6 Re8 28. Kg2 h5 29. Re2 f4 30. gxf4 Bxf4 {[#] Strongly threatening ...Rxe2+.} ({Of course not} 30... Qxf4 $6 31. Qxf4 Rxf4 32. Rfe1 $16) 31. Rxe8+ Nxe8 32. Kh1 Nd6 33. Bg2 Qh4 {[%csl Gf4][%cal Rh4h2]} 34. Bg1 Qg5 35. Qe1 Be5 36. Rxf7 Kxf7 37. Bh3 Qf4 38. b3 Nf5 39. Qe2 Kf6 40. Bg2 Bd4 41. Qc4 Qd2 {Threatens to win with ...Bxg1.} (41... Qe5 {looks sharper.} 42. Bxd4 Nxd4 43. Qf1+ Nf5 44. d6 Qxa5 45. Bxb7 Qb5) 42. Bxd4+ $1 Qxd4 43. Qxd4+ Nxd4 $11 {[%mdl 4096] Endgame KB-KN} 44. d6 Nc6 45. b4 Ke6 46. b5 Nxa5 ({Not} 46... axb5 $2 47. Bxc6 Kxd6 48. Bxb5 $18) 47. bxa6 bxa6 48. Bf1 Nb7 {[#] Hoping for ...Nc5.} 49. Bxa6 Nxd6 50. Bd3 Nf5 51. Kg2 Ke5 52. Kf3 g5 53. h3 Kf6 {Black has an edge.} 54. Ba6 Nd4+ 55. Kg3 h4+ 56. Kg4 Nc6 {And now ...Ne5+ would win.} 57. Bc8 Ne5+ 58. Kh5 {Accuracy: White = 80%, Black = 83%.} 1/2-1/2

[Event "EICC 2019"]
[Site "Skopia"]
[Date "2019.03.29"]
[Round "11.42"]
[White "Moussard, Jules"]
[Black "Lobanov, Sergei"]
[Result "0-1"]
[WhiteElo "2601"]
[BlackElo "2526"]
[Annotator "TA"]
[PlyCount "136"]
[EventDate "2019.03.18"]
[EventType "swiss"]
[EventCountry "MKD"]
[SourceTitle "playchess.com"]
[Source "ChessBase"]
[SourceQuality "1"]

{[%evp 10,136,21,0,0,-15,18,14,18,0,31,-71,0,-39,-45,-28,-30,-87,-52,-40,-33,-85,-84,-146,-139,-131,-149,-156,-135,-169,-164,-175,-175,-194,-174,-131,-50,-193,-200,-189,-174,-214,-218,-220,-222,-193,-203,-179,-167,-211,-216,-390,-400,-388,-372,-487,-485,-829,-487,-992,-118,-111,-118,-118,-118,-118,-118,-118,-118,-118,-118,-118,-115,-118,-113,-115,-115,-126,-122,-122,-118,-118,-118,-118,-118,-212,-212,-212,-204,-218,-185,-366,-366,-376,-364,-367,-509,-498,-366,-483,-462,-421,-411,-1300,-827,-29976,-780,-29977,-29978,-29976,-29979,-29979,-29971,-29980,-29981,-29981,-29982,-29982,-29983,-29983,-29984,-29984,-29985,-29985,-29986,-29986,-29987,-29987,-29988]} 1. Nf3 d5 2. g3 Nf6 3. Bg2 g6 4. O-O Bg7 5. d4 O-O 6. c3 a5 {D02: 1 d4 d5 2 Nf3 sidelines, including 2...Nf6 3 g3 and 2...Nf6 3 Bf4} (6... c6 7. Nbd2 Bf5 8. Nh4 Be6 9. f4 Na6 10. f5 Bd7 11. e4 dxe4 12. Nxe4 Nxe4 13. Bxe4 Qb6 14. Qb3 Bf6 15. Bh6 Qxb3 16. axb3 {0-1 (62) Artemiev,V (2709)-Duda,J (2738) St Petersburg 2018}) 7. a4 c5 8. Bf4 Ne4 $146 {The position is equal.} ({Predecessor:} 8... cxd4 9. Nxd4 Nbd7 10. Nb5 e5 11. Be3 Ng4 12. Ba7 Nb6 13. Bxb6 Qxb6 14. Bxd5 {1-0 (37) Mazzoleni,J-Pilnik,H Villa Gesell 1971}) 9. Qb3 Nc6 10. dxc5 (10. Rd1 $14) 10... Nxc5 (10... e5 $1 $17 {[%cal Re5f4]} 11. Be3 d4 12. cxd4 exd4) 11. Qa3 (11. Qb5 $5 {[%cal Rb5c5]} Ne6 12. Rd1 $11) 11... b6 12. Rd1 Ba6 13. Ne1 (13. Nd4 $11 Nxd4 14. cxd4) 13... Bc4 (13... Bxe2 $6 14. Rxd5 Qe8 15. Nd2 $15) 14. Be3 Rc8 {[#]} 15. Bxc5 (15. Bxd5 $1 $15 {[%mdl 512]} Bxd5 16. c4) 15... bxc5 $17 16. b3 ({White should try} 16. Bf1) 16... Bxe2 17. Rxd5 Qb6 18. Ra2 Ba6 {Threatens to win with ...Nb4!} 19. Rxc5 Nb4 $1 20. Rxc8 Rxc8 21. Rd2 (21. cxb4 $2 Qe6 $19) 21... Qe6 (21... Bxc3 22. Nxc3 Rxc3 23. Qb2 $15) 22. Nf3 Bd3 $40 {[%mdl 128] White needs to defend precisely.} (22... Bxc3 $17 23. Nxc3 Rxc3) 23. h4 (23. cxb4 $2 axb4 24. Rxd3 bxa3 $19) (23. Qb2 $15) 23... Bxb1 $19 ({But not} 23... Bxc3 24. Nxc3 Rxc3 25. Qa1 $17) 24. cxb4 axb4 25. Qxb4 Bc3 {[%mdl 64] Double Attack} 26. Qf4 Bxd2 ({Not} 26... Qxb3 27. Rd7 $15) 27. Nxd2 Qe1+ 28. Kh2 Bf5 29. Nc4 Be6 30. h5 $2 (30. Nd2) 30... Rc5 $1 {[%cal Rc5h5]} 31. g4 {[#]} Bxg4 $1 {[%mdl 512]} 32. hxg6 (32. Qxg4 Qxf2) 32... hxg6 33. a5 (33. Kg3 $142 Be6 34. Nd2) 33... Rf5 34. Qe3 (34. Qd2 $142 Qxd2 35. Nxd2) 34... Qxe3 $2 (34... Rh5+ $19 {is more deadly.} 35. Kg3 Qg1) 35. Nxe3 {[%mdl 4096] Endgame KRB-KBN} Rh5+ ({Of course not} 35... Rxf2 $6 36. Nxg4 Ra2 37. b4 $14) 36. Kg3 Bc8 {Hoping for ...Rg5+.} 37. b4 Rb5 38. Nd5 Kf8 39. Nb6 Ba6 40. Nd7+ {[#]} Kg7 $1 41. Nc5 Rxb4 42. Nxa6 Rb5 43. Nc7 Rxa5 44. f4 Rc5 45. Nd5 e6 46. Ne3 f5 47. Bb7 (47. Bf1 $17) 47... Kf6 48. Kf3 g5 49. fxg5+ Kxg5 50. Ba6 $2 (50. Ke2 {was the only defense.}) 50... Rc3 {aiming for ...f4.} 51. Kf2 {[#]} e5 $1 52. Bb7 e4 53. Ba8 Ra3 54. Bb7 Ra2+ 55. Ke1 Kf4 56. Nd5+ (56. Nc4 $142) 56... Kf3 57. Nf6 Ra1+ 58. Kd2 Ra7 {Black mates.} 59. Bc6 Ra6 60. Nd7 Kf2 61. Ne5 e3+ 62. Kc2 {[#]} Rxc6+ $1 {[%mdl 512]} 63. Nxc6 {KN-KPP} e2 64. Ne5 e1=Q 65. Nd3+ Ke2 66. Nxe1 Kxe1 67. Kd3 Kf2 68. Kd4 f4 {Accuracy: White = 38%, Black = 74%.} 0-1

[Event "EICC 2019"]
[Site "Skopia"]
[Date "2019.03.29"]
[Round "11.43"]
[White "Solak, Dragan"]
[Black "Nasuta, Grzegorz"]
[Result "1/2-1/2"]
[WhiteElo "2601"]
[BlackElo "2517"]
[Annotator "TA"]
[PlyCount "59"]
[EventDate "2019.03.18"]
[EventType "swiss"]
[EventCountry "MKD"]
[SourceTitle "playchess.com"]
[Source "ChessBase"]
[SourceQuality "1"]

{[%evp 17,59,0,0,0,0,0,2,0,0,0,0,0,0,0,0,0,0,0,0,0,0,0,0,0,0,0,0,0,0,0,0,0,0,0,0,0,0,0,0,-38,0,0,0,0]} 1. e4 e5 2. Nf3 Nc6 3. Bb5 a6 4. Ba4 Nf6 5. O-O b5 6. Bb3 Bc5 7. c3 d6 8. d4 Bb6 9. dxe5 Nxe5 10. Nxe5 {C78: Ruy Lopez: Archangelsk and Möller Defences} dxe5 11. Qxd8+ Kxd8 12. Bxf7 Rf8 13. Bd5 Nxd5 14. exd5 Bb7 15. Be3 (15. Bg5+ Kd7 16. Nd2 h6 17. Be3 Bxe3 18. fxe3 Bxd5 19. e4 Bf7 20. Rf5 Be6 21. Rxe5 Kd6 22. Rh5 c6 23. Nb3 Rae8 24. Rd1+ {½-½ (24) Kononenko,D (2563)-Inarkiev,E (2664) Ohrid 2009}) 15... Bxe3 16. fxe3 Rxf1+ 17. Kxf1 Bxd5 $11 {[%mdl 4096] Endgame KRB-KRN} 18. Nd2 $146 Ke7 19. e4 Bc6 20. Ke2 Rf8 21. Ke3 a5 22. g3 h6 23. Rf1 Rxf1 24. Nxf1 {KB-KN} Bd7 25. b4 axb4 26. cxb4 Kd6 27. a3 c5 28. Nd2 cxb4 29. axb4 Be6 30. Nb1 {Accuracy: White = 90%, Black = 77%.} 1/2-1/2

[Event "EICC 2019"]
[Site "Skopia"]
[Date "2019.03.29"]
[Round "11.44"]
[White "Fakhrutdinov, Timur"]
[Black "Azarov, Sergei"]
[Result "1/2-1/2"]
[WhiteElo "2485"]
[BlackElo "2585"]
[Annotator "TA"]
[PlyCount "93"]
[EventDate "2019.03.18"]
[EventType "swiss"]
[EventCountry "MKD"]
[SourceTitle "playchess.com"]
[Source "ChessBase"]
[SourceQuality "1"]

{[%evp 18,93,0,-3,0,13,0,14,6,4,20,16,29,1,18,0,0,0,1,0,8,0,6,8,21,0,0,0,0,0,0,0,0,0,0,0,0,0,0,0,0,-4,0,-7,0,-4,-4,-4,0,-10,0,-20,-4,-7,0,-9,-9,-14,0,0,0,0,0,0,0,0,0,0,0,0,0,0,0,0,0,0,0,0]} 1. e4 e5 2. Nf3 Nc6 3. d4 exd4 4. Nxd4 Nf6 5. Nxc6 bxc6 6. e5 Qe7 7. Qe2 Nd5 8. c4 Nb6 9. Nc3 Qe6 10. Qe4 d5 {C45: Scotch Game} (10... g6 11. Bd2 Bg7 12. c5 Nd5 13. Bc4 Qxe5 14. Qxe5+ Bxe5 15. Bxd5 cxd5 16. O-O-O O-O 17. Nxd5 Rb8 18. Bc3 Bxc3 19. Nxc3 {1-0 (49) Yu,Y (2729)-Dominguez Perez,L (2739) Doha 2016}) 11. exd6 {Threatens to win with Qxe6+.} Qxe4+ 12. Nxe4 cxd6 13. Bd2 Bf5 14. Ng3 Be6 15. b3 a5 $146 {The position is equal.} ({Predecessor:} 15... Be7 16. Be2 O-O 17. O-O a5 18. Bf3 {½-½ (30) Burke,J (2524)-Chandra,A (2486) Saint Louis 2018}) 16. Bd3 d5 17. cxd5 Nxd5 18. O-O Bb4 19. Rfd1 a4 20. bxa4 Rxa4 21. Ne4 Bxd2 22. Rxd2 Nf4 23. Nc5 Rd4 24. Rad1 Nxd3 25. Nxe6 fxe6 26. Rxd3 $11 {[%mdl 4096] Endgame KRR-KRR} Rd5 27. Kf1 Ke7 28. Ke2 Ra8 29. Ra1 Rb8 30. Rd2 Kd6 31. Rc1 Ra8 32. Rdc2 Re5+ 33. Kd2 Rd5+ 34. Kc3 g5 35. Kb2 c5 36. Rc4 h5 37. f3 g4 38. fxg4 hxg4 39. Rxg4 Rd2+ 40. Rc2 Rxa2+ 41. Kxa2 Rxc2+ {KR-KR} 42. Kb3 Rc1 43. Kb2 Rh1 44. h4 e5 45. Kc3 Kd5 46. g3 c4 47. h5 {Accuracy: White = 73%, Black = 46%.} 1/2-1/2

[Event "EICC 2019"]
[Site "Skopia"]
[Date "2019.03.29"]
[Round "11.45"]
[White "Santos Latasa, Jaime"]
[Black "Zoler, Dan"]
[Result "1-0"]
[WhiteElo "2582"]
[BlackElo "2513"]
[Annotator "TA"]
[PlyCount "181"]
[EventDate "2019.03.18"]
[EventType "swiss"]
[EventCountry "MKD"]
[SourceTitle "playchess.com"]
[Source "ChessBase"]
[SourceQuality "1"]

{[%evp 20,181,12,3,32,19,35,22,27,16,27,10,43,39,42,35,37,46,65,58,58,56,58,43,40,0,99,47,75,39,193,184,210,210,207,201,205,193,196,202,252,229,242,214,214,138,193,100,100,52,74,32,47,0,14,0,0,0,0,0,0,0,12,14,29,11,21,0,13,8,26,14,70,81,72,80,75,81,68,60,57,0,0,-3,-2,-3,21,21,25,26,32,20,23,20,82,76,83,76,172,42,31,35,47,29,48,48,48,50,61,69,50,40,40,40,40,40,40,40,40,40,40,40,47,8,8,8,8,8,456,422,1333,1286,29965,29966,29967,29968,29967,29968,29968,29969,29966,29968,29965,29965,29967,29976,29972,29977,29977,29978,29978,29975,29978,29979,29979,29980,29980,29981,29981,29982,29982,29983,29983,29984]} 1. d4 d5 2. c4 c6 3. Nf3 Nf6 4. e3 Bg4 5. h3 Bxf3 6. Qxf3 e6 7. Nc3 Nbd7 8. Bd2 {D11: Slav Defence: 3 Nf3 sidelines and 3...Nf6 4 e3 Bg4} (8. Bd3 Bb4 9. O-O O-O 10. Qd1 Re8 11. Bd2 dxc4 12. Bxc4 Qe7 13. a3 Bd6 14. Qc2 Rad8 15. Rfd1 h5 16. b4 h4 {0-1 (35) So,W (2815)-Carlsen,M (2832) chess.com INT 2017}) 8... Bb4 9. Bd3 O-O 10. a3 Ba5 11. O-O {LiveBook: 36 Games} e5 {aiming for ...Bxc3.} 12. cxd5 cxd5 13. Qf5 {[#]} g6 $146 ({Predecessor:} 13... Re8 14. Bb5 g6 15. Qg5 Re6 16. Bxd7 Qxd7 17. dxe5 Bxc3 18. Bxc3 Ne4 19. Qf4 Nxc3 {½-½ (19) Bacrot,E (2700)-Harikrishna,P (2664) Wijk aan Zee 2008}) 14. Qg5 Re8 15. dxe5 Rxe5 16. Qf4 Qe7 17. b4 $36 {[%mdl 2048] Black is under pressure.} Bb6 18. Rac1 Re8 19. Na4 Ne4 20. Bxe4 Rxe4 21. Qg3 Rc4 22. Nc3 Qe5 (22... Qe6 $11) 23. Qf3 ({White should try} 23. Qxe5 $16 Rxe5 24. Rfd1) 23... d4 $14 24. exd4 (24. Nd5 $5 {[%cal Rc1c4]} Rxc1 25. Rxc1 $14) 24... Rxd4 $2 (24... Qxd4 $14 25. Nd5 Rxc1 26. Bxc1 Qe4) 25. Rce1 $1 $18 {[%cal Re1e5]} Qb8 26. Bh6 $1 {[%cal Bd2h6,Bh6f4,Bf4g3][%mdl 32]} Rh4 {[#]} 27. Bf4 $1 {[%cal Rf4b8][%mdl 512]} Ne5 (27... Qxf4 28. Rxe8+) 28. Qg3 Rh5 29. Ne4 {Nf6+ is the strong threat.} Bd8 30. Nc5 Bc7 31. Qc3 Rf5 32. Bg3 Qc8 (32... Rc8 $16) 33. Ne4 (33. Re3 $18) 33... Bb8 $16 34. Qb3 Qc6 35. Nd2 Rd8 36. Rc1 Qb6 37. Ne4 {Strongly threatening Bh4.} Nd3 38. Rcd1 Bxg3 39. Rxd3 Rxd3 40. Qxd3 Be5 41. Rd1 Kg7 42. g3 h5 43. h4 a6 44. Rd2 a5 45. b5 a4 (45... Qe6 $11) 46. Kg2 $14 Qe6 47. Nc5 $1 {[%cal Rc5e6]} Qe7 48. Nxa4 Bc7 49. Nb2 Ba5 50. Rc2 (50. Re2 $14 Qc5 51. a4) 50... Rxb5 $1 $11 51. Re2 Qc5 52. Nc4 Qd5+ 53. Qxd5 Rxd5 {[%mdl 4096] Endgame KRB-KRN} 54. Re7 b6 $1 55. Rb7 Kg8 56. Nxb6 Rb5 (56... Bxb6 $11 {keeps the balance.} 57. Rxb6 Ra5) 57. Rb8+ $16 Kg7 58. Nd7 Rd5 {[#]} (58... Rf5 $16 {was called for.}) 59. Rb7 (59. Rg8+ $1 $18 {[%mdl 512]} Kxg8 60. Nf6+ Kg7 61. Nxd5) 59... Be1 $14 60. Kf1 Bc3 61. Rc7 Bd4 62. a4 Ra5 63. Rc4 Ba7 64. f4 Rd5 65. Ne5 Rd1+ $1 66. Ke2 Ra1 $1 67. Rc7 Ra2+ 68. Kf3 Ra3+ 69. Kg2 Ra2+ 70. Kh3 Bg1 {[%csl Gg1][%cal Ra2h2]} 71. Rxf7+ Kg8 {[%csl Gg1][%cal Ra2h2]} 72. g4 {Black must now prevent Rf6.} Bd4 73. Rf6 hxg4+ $2 {[%mdl 8192]} (73... Ra3+ $11 {and Black stays safe.} 74. Kg2 Bxe5 75. fxe5 Rxa4) 74. Kxg4 $18 Bxe5 (74... Rxa4 $142 75. Kg5 Ra1 76. Rxg6+ Kh7) 75. fxe5 Rxa4+ $11 {KR-KR} 76. Kg5 {White mates.} Kh7 77. Rf7+ Kg8 {[#]} 78. Rf4 $1 Ra6 79. Rf6 Ra5 80. Rxg6+ Kf7 81. Rf6+ Ke7 82. Kf5 Ra1 83. h5 {[%cal Bh4h5,Bh5h6,Bh6h7][%mdl 32]} Rf1+ 84. Kg6 Rg1+ 85. Kh6 Rg2 86. Kh7 Rg5 87. h6 Rxe5 88. Kg7 Rh5 89. Rg6 Rf5 90. h7 Rf7+ 91. Kh6 {Precision: White = 66%, Black = 50%.} 1-0